| 000 | 00765nam a2200205Ia 4500 | ||
|---|---|---|---|
| 003 | GCL | ||
| 008 | 140319s9999 xx 000 0 ara d | ||
| 040 |
_aGCL / _cGCL |
||
| 082 | 0 | 4 |
_a811.1 _bع ش |
| 100 | 1 | _aامين سعيد | |
| 245 | 1 | 0 |
_aشرح ديوان عنترة بن شداد / _cامين سعيد |
| 700 | 1 | _aعنترة العبسى، عنترة بن شداد بن عمرو، - 600م | |
| 260 |
_aالقاهرة : _bالمكتبة التجارية الكبرى |
||
| 300 |
_a168 ص ؛ _c24 سم |
||
| 650 | 0 | 4 | _aالشعر العربى |
| 650 | 0 | 4 | _aالادب العربى |
| 650 | 0 | 4 | _aالشعر العربى - دواوين وقصائد |
| 650 | 0 | 4 | _aالشعر العربى - تاريخ ونقد - العصر الجاهلى |
| 942 |
_2ddc _cBK |
||
| 999 |
_c5043 _d5043 |
||